000 01227nam a2200289 a 4500
003 OSt
005 20230719114610.0
007 cr ||||||a|c|a
008 230711s2021 mx a|||fom||| 001 0 spa d
040 _erda
100 1 _9187568
_aGalván Rodríguez, Azucena
245 1 0 _aEstimación y predicción de indicadores económicos de México /
_cpor Azucena Galván Rodríguez ; director de tesis Luz Judith Rodríguez Esparza.
264 1 _aChapingo, México :
_bEl autor,
_c2021.
300 _a1 recurso en línea (2021 páginas).
_btablas, figuras.
336 _2rdacontent
_atexto
_btxt
337 _2rdamedia
_acomputadora
_bc
338 _2rdacarrier
_arecurso en línea
_bcr
502 _bLEs
_cDICIFO
_d2021.
_gLIC
504 _aIncluye referencias bibliográficas: páginas 76-77.
650 4 _991890
_aProducto interno bruto
_zMéxico
650 4 _957564
_aIndicadores económicos
650 4 _932047
_aDesarrollo económico
650 4 _9124666
_aIngresos
_vEstadísticas
_zMéxico
700 1 _9185908
_aRodríguez Esparza, Luz Judith
_eDirector de tesis.
856 _uhttp://10.13.5.2/tesis/tl/1210764-8_Galvan-Rodriguez_Azucena-1.pdf
_zDESCARGAR PDF
942 _2Clasificación Universidad Autónoma Chapingo
_cTD
999 _c219024
_d219024